00222nam a2200085Ia 4500001000800000005001700008008004100025245004600066260002400112125098020251031150907.0251031s9999 xx 000 0 und d 0cANITA GANERİaİ-5 COŞKUN NEHİRLER bTİMAŞ YAYINLARI